Comarca del Cardener / per Cesar August Torras
Descripción Física:
XV, 415 p. : il. ; 19 cm
Colección:
Pirineu català ; 8
Materias:
Cardener (Riu) -- Circuits turístics
MARC
| LEADER | 00000nam a2200000Ia 4500 | ||
|---|---|---|---|
| 001 | 14478 | ||
| 008 | 160829s1922 xx 000 0 cat d | ||
| 080 | |a H-2-157 | ||
| 100 | |a Torras, Cèsar August |9 25495 | ||
| 245 | |a Comarca del Cardener / per Cesar August Torras | ||
| 260 | |a Barcelona : |b Hostench, |c 1922 | ||
| 300 | |a XV, 415 p. : |b il. ; |c 19 cm | ||
| 490 | |a Pirineu català ; 8 | ||
| 590 | |a Conté: 122 itineraris, 173 fotogravats i 1 mapa de la comarca (desaparegut). | ||
| 590 | |a Índex. | ||
| 590 | |a Precedeix el títol: Pirineu català : guia itinerari | ||
| 650 | |a Cardener (Riu) |x Circuits turístics |9 25498 | ||
| 901 | |a Arxiu | ||
| 942 | |n 1 | ||
| 952 | |0 0 |1 0 |4 0 |6 H2157 |7 1 |9 43647 |a Arxiu |b Arxiu |d 2016-12-01 |l 0 |o H-2-157 |p 14478 |r 2016-12-01 00:00:00 |w 2016-12-01 |y ARXIU | ||
| 999 | |c 46195 |d 46195 | ||